| 000 | 00000nam##2200000za#4500 |
| 001 | 9.633945 |
| 003 | CaOODSP |
| 005 | 20210624215552 |
| 007 | cr ||||||||||| |
| 008 | 150407|2007||||xxc|||||o f|0| 0 fre|d |
| 020 | |a978-0-662-73864-0 |
| 040 | |aCaOODSP|bfre |
| 043 | |an-cn--- |
| 086 | 1 |aM144-145/2-2007F-PDF |
| 110 | 1 |aCanada.|bRessources naturelles Canada. |bOffice de l'efficacité énergétique. |
| 245 | 13|aLe confort au foyer |h[ressource électronique] |
| 250 | |aMise à jour |
| 260 | |aOttawa - Ontario : |bRessources naturelles Canada. |cMars 2007. |
| 300 | |a2p. |
| 590 | |a13-05-Supp|b2013-02-27 |
| 691 | 07|aConsommation d'énergie|2gcpds |
| 691 | 07|aProduit de consommation|2gcpds |
| 775 | 08|tHome comfort |w(CaOODSP)9.689544 |
| 776 | 0#|tLe confort au foyer |w(CaOODSP)9.683683 |
| 856 | 40|ahttp://publications.gc.ca|qPDF|s334 Ko|uhttps://publications.gc.ca/collections/collection_2013/rncan-nrcan/M144-145-2-2007-fra.pdf |